000 01045cam a22002771 4500
001 gs 46000140
003 DLC
005 20260227111351.0
008 780220s1946 dcubf b 000 0 eng c
010 _ags 46000140
035 _a(OCoLC)3654196
040 _aU. S. Geol. survey Library
_cCCC
_dOCoLC
_dDLC
050 0 0 _aQE75
_b.P9 no. 212
051 _aQE694
_b.B7
082 _a551.782
100 1 _aBramlette, M. N.
_q(Milton Nunn),
_d1896-1977.
245 1 4 _aThe Monterey formation of California and the origin of its siliceous rocks,
_cby M. N. Barlette.
260 _aWashington,
_bU.S. Govt. print. off.,
_c1946.
300 _aiv, 57 p. incl. tables.
_b19 pl. (incl. fold. map, 2 fold. diagrs.) 29 cm.
490 0 _aUnited States. Geological survey. Professional paper 212
500 _aAt head of title: United States Dept. of the interior ... Geological survey ...
504 _aBibliographical foot-notes.
650 0 _aGeology, Stratigraphic
_yMiocene.
650 0 _aGeology
_zCalifornia.
650 0 _aPetrology
_zCalifornia.
999 _c28107
_d28107